000 00534nam a2200169Ia 4500
008 140609s9999 xx 000 0 und d
020 _a9780538748261
050 _aQA 76.9.D3
_b.F763 2011
100 _aFriedrichsen, Lisa.
245 _aMicrosoft Access 2010 :
_billustrated introductory /
_cLisa Friedrichsen
260 _aBoston, MA :
_bCengage Course Technology,
_cc2011.
300 _a280 p. :
_bcol. ill. ;
_c28 cm.
500 _aIncludes appendix, glossary and index.
521 _aGE
942 _kFOR
_cBK
999 _c118235
_d118235